000
00355nam a2200157Ia 4500
008
100204s9999 xx 000 0 und d
082
_b
28070
100
_a
तरवडे विजय
245
_a
युग्म
250
_a
0
260
_c
2008
300
_a
224
630
_a
युग्म
730
_a
युग्म
942
_c
BOOK
999
_c
473251
_d
473248